Magazín odpovede na otázky

Bibliographic Details
New Title:Journal magazín
Previous Title:Odpovede na otázky
Format: Journal
Language:Slovak
PhysicalDescription:8 zv. 20 cm
Published: Bratislava Slovenské vydavateľstvo politickej literatúry 1961-1968
Subjects:

MARC

LEADER 00000nas a2200000 a 4500
001 vtls001381462
003 SK-MaSNL
005 20260228160146.0
008 110810d19611968xo mr|p r 0 b0slo
035 |a SNK000335486 
040 |a SNK  |b slo  |c SNK  |e AACR2 
041 0 |a slo 
044 |a xo  |c SK 
072 7 |a 82  |x Literatúra. Literárny život  |2 konspekt 
072 7 |a 00  |x Veda. Všeobecnosti. Základy vedy a kultúry. Vedecká práca  |2 konspekt 
072 7 |a 32  |x Politika  |2 konspekt 
080 |a 82  |2 2001 
080 |a 655.4  |2 2001 
080 |a 050  |2 2001 
080 |a 32  |2 2001 
245 0 0 |a Magazín odpovede na otázky 
260 |a Bratislava  |b Slovenské vydavateľstvo politickej literatúry  |c 1961-1968 
300 |a 8 zv.  |c 20 cm 
362 0 |a Roč. VI, č. 6 (1961)-roč. XIII, č. 12 (1968) 
500 |a Zodpovedný redaktor: 6/1961-12/1968, Milan Piovarči 
500 |a Vyd.: Slovenské vydavateľstvo politickej literatúry v Bratislave 
500 |a Tlač.: Pravda, vyd. ÚV KSS v Bratislave 
500 |a Od r. 1969 vychádza pod názvom Journal magazín 
500 |a Do č. 5/1961 vychádza pod názvom Odpovede na otázky 
650 0 7 |a politika  |2 SNKPH  |9 968 
650 0 7 |a všeobecnosti a zaujímavosti  |2 SNKPH  |9 4162 
650 0 7 |a literatúra  |2 SNKPH  |9 1427 
650 0 7 |a vydavateľská činnosť  |2 SNKPH  |9 2790 
650 0 7 |a nakladateľstvá a vydavateľstvá  |2 SNKPH  |9 2789 
655 7 |a politické časopisy  |2 SNKPH  |9 265985 
700 1 |a Piovarči, Milan,  |d 1929-  |4 red  |9 155882 
780 0 0 |t Odpovede na otázky  |w vtls010299787 
785 0 0 |t Journal magazín  |w vtls001401751 
910 |a snk 
916 |a 1962-1967 
999 |c 1747  |d 3677 
952 |0 0  |1 0  |4 0  |7 0  |a SNK  |b SNK  |d 2014-07-15  |f 1  |i snkČSP 695/63  |l 0  |o snkČSD 241/7/1962  |p 17A0730167  |r 2026-02-21 21:23:22  |t č. 1-12  |w 2026-02-21  |y PREZ 
952 |0 0  |1 0  |4 0  |7 0  |a SNK  |b SNK  |d 2014-07-15  |f 1  |i snkČSP 644/64  |l 0  |o snkČSD 241/8/1963  |p 17A0730169  |r 2026-02-21 21:32:49  |t č. 1-12  |w 2026-02-21  |y PREZ 
952 |0 0  |1 0  |4 0  |7 0  |a SNK  |b SNK  |d 2014-07-15  |f 1  |i snkČSP 377/65  |l 0  |o snkČSD 241/9/1964  |p 17A0730168  |r 2026-02-21 21:32:49  |t č. 1-12  |w 2026-02-21  |y PREZ 
952 |0 0  |1 0  |4 0  |7 0  |a SNK  |b SNK  |d 2014-07-15  |f 1  |i snkČSP 277/66  |l 0  |o snkČSD 241/10/1965  |p 17A0730170  |r 2026-02-21 21:32:49  |t č. 1-12  |w 2026-02-21  |y PREZ 
952 |0 0  |1 0  |4 0  |7 0  |a SNK  |b SNK  |d 2014-07-15  |f 1  |i snkČSP 662/67  |l 0  |o snkČSD 241/11/1966  |p 17A0730171  |r 2026-02-21 21:32:49  |t č. 1-12  |w 2026-02-21  |y PREZ 
952 |0 0  |1 0  |4 0  |7 0  |a SNK  |b SNK  |d 2014-07-15  |f 1  |i snkČSP 390/68  |l 0  |o snkČSD 241/12/1967  |p 17A0867702  |r 2026-02-21 21:32:49  |t č. 1-12  |w 2026-02-21  |y PREZ 
952 |0 0  |1 0  |3 strana č. 27 - vystrihnutý obrázok  |4 0  |7 0  |8 3  |a SNK  |b SNK  |d 2016-07-28  |i snkK 2533/93  |l 0  |o snkČSD 241/10/1965 D1  |p 17A1185689  |r 2026-02-21 21:54:13  |t č. 5, neúplné  |w 2026-02-21  |y PREZ  |z len č. 5